| 000 | 00818nam a22002177a 4500 | ||
|---|---|---|---|
| 001 | 77318 | ||
| 003 | BD-RjUL | ||
| 005 | 20211209082946.0 | ||
| 008 | 200312s2020 bg||||| |||| 00| 0 ben d | ||
| 035 | _a(BD-RjUL)77543 | ||
| 040 |
_aBD-RjUL _beng _cBD-RjUL |
||
| 041 | _aben | ||
| 082 |
_223 _a891.44092 _bRAJ 2020 |
||
| 100 |
_aরায়, কানাই লাল _9240857 |
||
| 245 |
_aজ্ঞানতাপস ডক্টর মুহাম্মদ শহীদুল্লাহ্ / _cকানাই লাল রায় |
||
| 260 |
_aঢাকা : _bসময় প্রকাশ, _c২০২০ |
||
| 300 |
_a১৯৭ পৃ.; _c২২ সেমি. |
||
| 600 |
_cশহীদুল্লাহ, মুহাম্মদ _9240861 |
||
| 600 |
_cShahidullah, Muhammad _9240862 |
||
| 942 |
_2ddc _cBK |
||
| 999 |
_c77318 _d77318 |
||